<?xml version="1.0" encoding="UTF-8"?><?xml-stylesheet type="text/xsl" href="static/style.xsl"?><OAI-PMH xmlns="http://www.openarchives.org/OAI/2.0/" xmlns:xsi="http://www.w3.org/2001/XMLSchema-instance" xsi:schemaLocation="http://www.openarchives.org/OAI/2.0/ http://www.openarchives.org/OAI/2.0/OAI-PMH.xsd"><responseDate>2026-04-14T07:28:26Z</responseDate><request verb="GetRecord" identifier="oai:www.recercat.cat:2072/439618" metadataPrefix="marc">https://recercat.cat/oai/request</request><GetRecord><record><header><identifier>oai:recercat.cat:2072/439618</identifier><datestamp>2025-05-02T02:37:24Z</datestamp><setSpec>com_2072_98</setSpec><setSpec>col_2072_378192</setSpec></header><metadata><record xmlns="http://www.loc.gov/MARC21/slim" xmlns:dcterms="http://purl.org/dc/terms/" xmlns:xsi="http://www.w3.org/2001/XMLSchema-instance" xmlns:doc="http://www.lyncode.com/xoai" xsi:schemaLocation="http://www.loc.gov/MARC21/slim http://www.loc.gov/standards/marcxml/schema/MARC21slim.xsd">
   <leader>00925njm 22002777a 4500</leader>
   <datafield ind2=" " ind1=" " tag="042">
      <subfield code="a">dc</subfield>
   </datafield>
   <datafield ind2=" " ind1=" " tag="720">
      <subfield code="a">Fleta-Asín, Jorge</subfield>
      <subfield code="e">author</subfield>
   </datafield>
   <datafield ind2=" " ind1=" " tag="720">
      <subfield code="a">Pan, Fang</subfield>
      <subfield code="e">author</subfield>
   </datafield>
   <datafield ind2=" " ind1=" " tag="260">
      <subfield code="c">2017</subfield>
   </datafield>
   <datafield ind2=" " ind1=" " tag="520">
      <subfield code="a">En el presente trabajo se examina la segregación por género que existe en el profesorado en España durante el periodo 2004-2014. Para ello, en la introducción se justifica la importancia de la igualdad de género en las organizaciones. Posteriormente, en el apartado de literatura académica, se revisan los fundamentos sobre las causas que explican su existencia y se establece como hipótesis de trabajo que la discriminación debería disminuir en los últimos años. A continuación, en el apartado de metodología y métodos se expone y calcula la segregación horizontal del profesorado entre los distintos niveles de educación a través del Índice de Disimilitud, así como la segregación vertical a través del Índice del Techo de Cristal. Los resultados revelan que continúan existiendo discriminaciones por género en el profesorado, si bien a lo largo del tiempo han disminuido tanto las diferencias horizontales como verticales. Además, el análisis muestra que las discriminaciones horizontales se han corregido menos que las dificultades para ascender una vez se decide el campo educativo en el que trabajar, por lo que la concienciación hacia las mujeres-frente a las medidas legislativas- resulta un elemento clave para alcanzar mayor igualdad en el ámbito educativo</subfield>
   </datafield>
   <datafield ind2=" " ind1=" " tag="520">
      <subfield code="a">In this paper we examine gender segregation in the teaching profession in Spain between 2004 and 2014. With this in mind, the introduction justifies the importance of gender equality in organisations. Subsequently, in the section on academic literature, the fundamentals are reviewed concerning the causes that explain its existence, with the working hypothesis that discrimination should diminish over the years. The section on methodology and methods subsequently sets out and calculates horizontal segregation in the teaching profession at various levels of education using the Index of Dissimilarity, and also vertical segregation using the Glass-ceiling index. The results reveal that gender discrimination still exists in the teaching profession, even though both horizontal and vertical differences have decreased over the years. Furthermore, our analysis shows that horizontal discrimination has been corrected less frequently than the difficulties encountered to move up the ladder once the educational field of work has been decided upon. Hence, awareness of women - as opposed to legislative measures - turns out to be a key element for reaching greater equality in the educational sector</subfield>
   </datafield>
   <datafield tag="653" ind2=" " ind1=" ">
      <subfield code="a">Género</subfield>
   </datafield>
   <datafield tag="653" ind2=" " ind1=" ">
      <subfield code="a">Discriminación horizontal</subfield>
   </datafield>
   <datafield tag="653" ind2=" " ind1=" ">
      <subfield code="a">Discriminación vertical</subfield>
   </datafield>
   <datafield tag="653" ind2=" " ind1=" ">
      <subfield code="a">Índice de techo de cristal</subfield>
   </datafield>
   <datafield tag="653" ind2=" " ind1=" ">
      <subfield code="a">Índice de disimilitud</subfield>
   </datafield>
   <datafield tag="653" ind2=" " ind1=" ">
      <subfield code="a">Teoría de la dominancia social</subfield>
   </datafield>
   <datafield tag="653" ind2=" " ind1=" ">
      <subfield code="a">Teoría del rol social</subfield>
   </datafield>
   <datafield tag="653" ind2=" " ind1=" ">
      <subfield code="a">Gender</subfield>
   </datafield>
   <datafield tag="653" ind2=" " ind1=" ">
      <subfield code="a">Horizontal discrimination</subfield>
   </datafield>
   <datafield tag="653" ind2=" " ind1=" ">
      <subfield code="a">Vertical discrimination</subfield>
   </datafield>
   <datafield tag="653" ind2=" " ind1=" ">
      <subfield code="a">Glass-ceiling index</subfield>
   </datafield>
   <datafield tag="653" ind2=" " ind1=" ">
      <subfield code="a">Index of dissimilarity</subfield>
   </datafield>
   <datafield tag="653" ind2=" " ind1=" ">
      <subfield code="a">Social dominance theory</subfield>
   </datafield>
   <datafield tag="653" ind2=" " ind1=" ">
      <subfield code="a">Social role theory</subfield>
   </datafield>
   <datafield ind2="0" ind1="0" tag="245">
      <subfield code="a">Segregación horizontal y vertical de género en el profesorado</subfield>
   </datafield>
</record></metadata></record></GetRecord></OAI-PMH>